GETS Theological Seminary Library

传教士新闻工作者在中国: (Record no. 13411)

MARC details
000 -LEADER
fixed length control field 00961nam a2200253Ia 4500
008 - FIXED-LENGTH DATA ELEMENTS--GENERAL INFORMATION
fixed length control field 200819s9999||||xx |||||||||||||| ||und||
020 ## - INTERNATIONAL STANDARD BOOK NUMBER
International Standard Book Number 7563386912
020 ## - INTERNATIONAL STANDARD BOOK NUMBER
International Standard Book Number 9787563386918
041 ## - LANGUAGE CODE
Language code of text/sound track or separate title chi
Language code of original eng
050 ## - LIBRARY OF CONGRESS CALL NUMBER
Classification number BV3427.A44
Item number .B4612 2014
100 ## - MAIN ENTRY--PERSONAL NAME
Personal name Bennett, Adrian A.
245 #0 - TITLE STATEMENT
Title 传教士新闻工作者在中国:
Remainder of title 林乐知和他的杂志 (1860-1883) /
Statement of responsibility, etc. 贝奈特 (Adrian A. Bennett) 著; 金莹译  
246 ## - VARYING FORM OF TITLE
Title proper/short title 傳教士新聞工作者在中國 :
Remainder of title 林樂知和他的雜誌 (1860-1883)/
260 ## - PUBLICATION, DISTRIBUTION, ETC.
Place of publication, distribution, etc. 桂林 :
Name of publisher, distributor, etc. 广西师范大学出版社,
Date of publication, distribution, etc. 2014
300 ## - PHYSICAL DESCRIPTION
Extent 5, 4, 313 p.
Other physical details ;
Dimensions 23 cm.
500 ## - GENERAL NOTE
General note Translation of: Missionary journalist in China : Young J. Allen and his magazines : 1860-1883.
650 ## - SUBJECT ADDED ENTRY--TOPICAL TERM
Topical term or geographic name entry element Allen, Young John, 1836-1907.
650 ## - SUBJECT ADDED ENTRY--TOPICAL TERM
Topical term or geographic name entry element Missionaries China Biography.
650 ## - SUBJECT ADDED ENTRY--TOPICAL TERM
Topical term or geographic name entry element Missionaries United States Biography.
700 ## - ADDED ENTRY--PERSONAL NAME
Personal name Bennett, Adrian A.
700 ## - ADDED ENTRY--PERSONAL NAME
Personal name 贝奈特
700 ## - ADDED ENTRY--PERSONAL NAME
Personal name 金莹
Holdings
Withdrawn status Lost status Damaged status Not for loan Home library Current library Shelving location Date acquired Total Checkouts Full call number Barcode Date last seen Price effective from Koha item type
        GETS Theological Seminary Library GETS Theological Seminary Library General Stacks 08/19/2020   BV3427.A44 .B4612 2014 00003335 08/19/2020 08/19/2020 Chinese Book
OpacCredits

Contact the Librarian, GETS Library
Email: library@mygets.org









Implemented by GETS Library
(Powered by ETCA Professional Group)
GETS Theological Seminary
412 E. Rowland Street, CA 91723